Pays de l'Union européenne- Mort subite - Statistiques

Statistiques générales
  • Ce quiz a été pris 216 fois
  • Le résultat moyen est 15 sur 27
Answers on the Grid
Answers color-coded by a green-red scale on the quiz's grid according to % correct below.
Italie
la République tchèque
Norvège
Danemark
Moldavie
Irlande
Turquie
Estonie
Roumanie
Allemagne
Monaco
Suisse
Liechtenstein
Slovaquie
Albanie
Islande
Luxembourg
Finlande
Suède
Croatie
Pologne
Bulgarie
Royaume-Uni
Géorgie
Belgique
France
Lettonie
Grèce
Espagne
Chypre
Hongrie
Bosnie-Herzégovine
Autriche
Lituanie
Malte
Pays-Bas
Kosovo
Portugal
Slovénie
 
Statistiques - réponses
Réponse % Correct
France
73%
Allemagne
69%
Belgique
69%
Pays-Bas
69%
Portugal
68%
Espagne
67%
Italie
67%
Pologne
62%
Autriche
61%
Luxembourg
61%
Grèce
58%
Danemark
54%
Roumanie
54%
Hongrie
53%
Croatie
52%
la République tchèque
51%
Suède
51%
Estonie
50%
Irlande
50%
Bulgarie
48%
Lettonie
48%
Slovénie
48%
Slovaquie
47%
Finlande
46%
Lituanie
46%
Malte
42%
Chypre
38%
Aucun quiz correspondant
Distribution des résultats
% des personnes avec chaque résultat
Percentile par nombre de réponses
Votre historique - résultats
Vous n’avez pas pris ce quiz